| 000 | 00545nam a2200193Ia 4500 | ||
|---|---|---|---|
| 003 | OSt | ||
| 005 | 20260406145335.0 | ||
| 008 | 210210b1999 xxu||||| |||| 00| 0 eng d | ||
| 040 | _cAL | ||
| 041 | _aHindi | ||
| 082 | _aH491.3 SIMV | ||
| 100 |
_aSIMHAL (Omprakasha), Ed. _dसिंहल (ओमप्रकाश) _9260317 |
||
| 245 |
_aVilom shabdkosh. _bविलोम शब्द कोष |
||
| 260 |
_aDilli. _bAkhil Bharati., _c1999 |
||
| 300 | _a112 | ||
| 690 |
_aHindi Dictionary _9260318 |
||
| 906 | _a054744 | ||
| 942 |
_2ddc _cBK |
||
| 999 |
_c102883 _d102883 |
||